Score 0/7 Timer 03:00
0 Plays Today
Question Answer Wrong Answers
Surrounded by friends and family members, this former abolitionist, known for her work on the ‘Underground Railroad’, dies of pneumonia.
1913
Harriet Tubman
87.6%
Sojourner Truth
6.5%
Elizabeth Chandler
2.8%
Abby Kelley
1.5%
______ is promoted to commander of the Union Army during the US Civil War.
1864
Ulysses S. Grant
82.2%
George Meade
1.8%
Robert E. Lee
13.7%
Ambrose Burnside
1.5%
In Memphis, Tennessee, this man pleads guilty to assassinating Martin Luther King, Jr.
1969
James Earl Ray
80.1%
Lee Harvey Oswald
7.9%
Billy Ray Jones
5.1%
John Lee Smith
4.3%
Fearing an abduction attempt by ______, 300,000 Tibetans surround the Dalai Lama’s palace to prevent his removal.
1959
China
75.5%
Japan
1.9%
Nepal
17.4%
Vietnam
2.9%
The Treaty of Guadalupe Hidalgo is ratified by the US Senate, bringing an end to this.
1848
Mexican–American War
65.9%
Spanish–American War
29%
First Seminole War
1.7%
Philippine–American War
3.3%
This singer-songwriter, known for being the 4th winner of ‘American Idol’, is born.
1983
Carrie Underwood
56.6%
Kelly Clarkson
22.4%
Fantasia Barrino
8.1%
Ruben Studdard
9.7%
Astronomers discover rings around this solar system object.
1977
Uranus
30.9%
Saturn
58%
Pluto
3.4%
Ganymede
4.6%
Remove Ads.
Support Sporcle.
Get the best of Sporcle when you Go Orange. This ad-free experience offers more features, more stats, and more fun while also helping to support Sporcle. Thank you for becoming a member.

You're not logged in!

Compare scores with friends on all Sporcle quizzes.
OR
Log In

Show Comments

Extras

Top Quizzes Today


Score Distribution

Your Account Isn't Verified!

In order to create a playlist on Sporcle, you need to verify the email address you used during registration. Go to your Sporcle Settings to finish the process.

Report this User

Report this user for behavior that violates our Community Guidelines.

Details: